Jojo's Bizarre Adventure - Pose Quiz 2 - Statistics

General Stats
  • This quiz has been taken 29 times
    7 since last reset
  • The average score is 8 of 16
Answer Stats
Picture Answer % Correct
Angelo Katagiri
75%
Giorno Giovanna
75%
Jodio Joestar
75%
Joseph Joestar
75%
Yoshikage Kira
75%
Diego Brando
50%
Dio Brando
50%
Josuke Higashikata
50%
Jotaro Kujo
50%
Enrico Pucci
25%
Gyro Zeppeli
25%
Johnny Joestar
25%
Jolyne Cujoh
25%
Jonathan Joestar
25%
Josuke Higashikata (8)
25%
Kishibe Rohan
25%
No matching quizzes found
Score Distribution
Percent of People with Each Score
Percentile by Number Answered
Your Score History
You have not taken this quiz since the last reset